01489nam a2200349 a 4500001001000000003000500010005001700015008004100032010001100073011001100084040000900095090001000104100004600114245018100160260004100341500006000382502007700442590004100519590004000560590004000600650003100640650002900671650002300700650002800723856007000751901000700821942001000828942000600838999001900844952014000863952013601003000111114CHAP20220329144159.0141204s2014 mx a fsm |||||||spa d a107576 a108548 cCHAP aTesis1 aDíaz García, Daniel Alejandro912892010aMetagenómica de la biodigestión de nopalh[En línea]bsecuenciación de las regiones hiperveriable v3 y v6 del gen ribosomal 16S /cpor Daniel Alejandro Díaz García. aChapingo, Méx. :bEl autor,c2014. aPara ver el contenido del material haga clic en la liga aTesis (Ing. Agr. Esp. en Fitotecnia) -- UACH. Departamento de Fitotecnia aE11695DGDb10c20141207lUCH01h1450 aE5995AHEb05c20141204lUCH01h0951 aE5995AHEb05c20141204lUCH01h095314aAcido ribonucléico.959714aBiofertilizantes.91273414aDigestores.93256914aMicroorganismos.975519 aFinding aiduhttp://10.13.5.2/tesis/sist111114.pdfzTeclea aquí aBK cTESIS n0 c107576d107576 00102local4053708TESISaBCbBCcPA_TESISd2014-12-04fTESISl0oTesisp33724002437736r2019-12-31 00:00:00tc.2w2019-12-31yTESIS 00104054718TESISaBCbBCd2014-12-04fTESISl0oTesisp33724002437777r2019-12-31 00:00:00w2019-12-31yTESISzRecien adquirido